000 00469nam a2200205Ia 4500
008 210210b1923 xxu||||| |||| 00| 0 eng d
041 _aeng
082 _a543/55
100 _aEVANS (Ulick R)
245 _aMetals and metallic compounds Vol II
260 _aLondon
_bEdward Arnold & Co.
_c1923
300 _a396
650 _aVol
650 _aMetals
650 _ametallic
650 _aII
650 _acompounds
690 _aChemistry
906 _a009403
999 _c126977
_d126977